Clubs ayant remporté la Premier League - Mort Subite - Statistiques

Statistiques générales
  • Ce quiz a été pris 366 fois
  • Le résultat moyen est 4 sur 8
Answers on the Grid
Answers color-coded by a green-red scale on the quiz's grid according to % correct below.
Leicester City
Blackburn Rovers
Chelsea FC
Manchester City
Arsenal FC
Liverpool FC
Manchester United
Leeds United
Nottingham Forest
Ipswich Town
West Bromwich Albion
Sheffield United
Derby County
Tottenham Hotspur
Burnley FC
Portsmouth FC
Wolverhampton Wanderers
Sheffield Wednesday
Newcastle United
Sunderland AFC
Aston Villa
Everton FC
Brentford FC
Crystal Palace FC
 
Statistiques - réponses
Réponse % Correct
Manchester City
63%
Liverpool FC
61%
Arsenal FC
60%
Chelsea FC
59%
Leicester City
55%
Manchester United
53%
Blackburn Rovers
19%
Leeds United
16%
Aucun quiz correspondant
Distribution des résultats
% des personnes avec chaque résultat
Percentile par nombre de réponses
Votre historique - résultats
Vous n’avez pas pris ce quiz